Inclusive education: Embracing diversity and empowering communities (Record no. 357305)
[ view plain ]
| 000 -LEADER | |
|---|---|
| fixed length control field | 00602 a2200205 4500 |
| 005 - DATE & TIME | |
| control field | 20241121125931.0 |
| 008 - FIXED-LENGTH DATA ELEMENTS--GENERAL INFORMATION | |
| fixed length control field | 241121b |||||||| |||| 00| 0 eng d |
| 020 ## - ISBN | |
| International Standard Book Number | 9788197207723 |
| Price | Rs. 795.00 |
| 040 ## - CATALOGING SOURCE | |
| Original cataloging agency | VIVEKANANDA LIBRARY |
| 082 ## - DDC NUMBER | |
| Classification number | 371.9 |
| Book Number | S87I |
| 100 ## - MAIN ENTRY--PERSONAL NAME | |
| Personal name | Soumya, V. S., ed. |
| 245 ## - TITLE STATEMENT | |
| Title | Inclusive education: Embracing diversity and empowering communities |
| 260 ## - PUBLICATION, DISTRIBUTION, ETC. (IMPRINT) | |
| Name of publisher, distributor, etc | Kanishika Publication, Distributors |
| Date of publication, distribution, etc | 2024 |
| Place of publication, distribution, etc | New Delhi |
| 300 ## - PHYSICAL DESCRIPTION | |
| Pages | ix, 206 |
| 650 ## - Subject | |
| Subject | Special Education |
| 650 ## - Subject | |
| Subject | Inclusive Education |
| 650 ## - Subject | |
| Subject | Empowering Communities |
| 700 ## - Added Entry Personal Name | |
| Added Entry Personal Name | Maijy, P.J, ed. |
| 942 ## - ADDED ENTRY ELEMENTS (KOHA) | |
| Koha item type | Books |
| Withdrawn status | Lost status | Source of classification or shelving scheme | Damaged status | Not for loan | Location (home branch) | Sublocation or collection (holding branch) | Shelving location | Date acquired | Koha issues (times borrowed) | Koha full call number | Accession No. | Koha date last seen | Koha item type |
|---|---|---|---|---|---|---|---|---|---|---|---|---|---|
| Dewey Decimal Classification | VIVEKANANDA LIBRARY | VIVEKANANDA LIBRARY | Centre for Disability Studies | 05/11/2024 | 371.9 S87I | 440820 | 05/11/2024 | Books | |||||
| Dewey Decimal Classification | VIVEKANANDA LIBRARY | VIVEKANANDA LIBRARY | Centre for Disability Studies | 05/11/2024 | 371.9 S87I | 440817 | 05/11/2024 | Books | |||||
| Dewey Decimal Classification | VIVEKANANDA LIBRARY | VIVEKANANDA LIBRARY | Centre for Disability Studies | 05/11/2024 | 371.9 S87I | 440818 | 05/11/2024 | Books | |||||
| Dewey Decimal Classification | VIVEKANANDA LIBRARY | VIVEKANANDA LIBRARY | Centre for Disability Studies | 05/11/2024 | 371.9 S87I | 440819 | 05/11/2024 | Books | |||||
| Dewey Decimal Classification | VIVEKANANDA LIBRARY | VIVEKANANDA LIBRARY | Centre for Disability Studies | 05/11/2024 | 371.9 S87I | 440816 | 05/11/2024 | Books |
